Ecological insurance in Poland as instrument of environmental policy

Uložené v:
Podrobná bibliografia
Hlavný autor: Rutkowska, Małgorzata
Médium: Kapitola
Jazyk:English
Tagy: Pridať tag
Žiadne tagy, Buďte prvý, kto otaguje tento záznam!

MARC

LEADER 00000naa$a2200000$$$4500
001 0151438
005 20220929065253.9
041 0 |a eng 
044 |a CZ 
245 1 0 |a Ecological insurance in Poland as instrument of environmental policy  |c Małgorzata Rutkowska 
100 1 |a Rutkowska, Małgorzata